I Love You Jesus (Trisha Paytas) Lyrics - Statistics

General Stats
  • This quiz has been taken 25 times
  • The average score is 188 of 268
Answer Stats
Answer % Correct
I
100%
Jesus
95%
love
95%
me
95%
you
95%
You
95%
a
89%
give
89%
reason
89%
go
79%
my
79%
the
79%
and
74%
hope
74%
let
74%
when
74%
but
68%
But
68%
be
63%
did
63%
in
63%
never
63%
Never
63%
Now
63%
now?
63%
so
63%
Are
58%
are
58%
didn't
58%
die
58%
do
58%
from
58%
He
58%
it
58%
know
58%
know?
58%
said
58%
superstar
58%
wanna
58%
was
58%
always
53%
Can
53%
can
53%
Ghost
53%
heart
53%
Holy
53%
It's
53%
life
53%
not
53%
of
53%
or
53%
overdosed
53%
remember
53%
we
53%
why
53%
with
53%
because
47%
by
47%
guess
47%
hood
47%
how?
47%
How
47%
right
47%
start
47%
straight
47%
time
47%
will
47%
ambulance
42%
fast
42%
hated
42%
here
42%
Here
42%
I'm
42%
last
42%
lifted
42%
reasons
42%
this
42%
wondering
42%
alive
37%
far
37%
found
37%
loves
37%
sky
37%
still
37%
stray
37%
There
37%
bad
32%
good
32%
he'll
32%
his
32%
leave
32%
privilege
32%
side
32%
Though
32%
act
26%
lead
26%
home
21%
No matching quizzes found
Score Distribution
Percent of People with Each Score
Percentile by Number Answered
Your Score History
You have not taken this quiz